Allier - mort subite - Statistiques

Statistiques générales
  • Ce quiz a été pris 51 fois
  • Le résultat moyen est 9 sur 18
Answers on the Grid
Answers color-coded by a green-red scale on the quiz's grid according to % correct below.
Vevey
Paris
Limoges
Moulins
La Loire
Millau
Montluçon
Laval
Strasbourg
Cusset
Le Bourbonnais
Domaine de la Bégude
Yzeure
Blois
Vichy
Bourbon-l'Archambault
Le siège du gouvernement français en 1941
Ipiales
L'ancien royaume wisigoth
Oryol
Orléans
Salé
La Limagne
Artigas
Une ville thermale
Zinder
Des aigles bottés
Commentry
Buxières-les-Mines
Bourbon-Lancy
Maceió
Abomey
La Aurora
Montvicq
Hyds
Ygrande
 
Statistiques - réponses
Réponse % Correct
Vichy
97%
Montluçon
88%
Moulins
88%
Le Bourbonnais
76%
Yzeure
76%
Vichy Le siège du gouvernement français en 1941
71%
Cusset
65%
Vichy et autres Une ville thermale
65%
Bourbon-l'Archambault
59%
Commentry
50%
Une plaine La Limagne
44%
La Loire
44%
Buxières-les-Mines
35%
Montvicq
21%
Ygrande
21%
Hyds
18%
L'ancien royaume wisigoth
12%
Des aigles bottés
9%
Aucun quiz correspondant
Distribution des résultats
% des personnes avec chaque résultat
Percentile par nombre de réponses
Votre historique - résultats
Vous n’avez pas pris ce quiz